Catálogo de los expositores de la provincia de Logroño
Descripción Física:
74 p. ; 21 cm
Materias:
Exposicions -- París -- 1878
MARC
| LEADER | 00000nam a2200000Ia 4500 | ||
|---|---|---|---|
| 001 | 16096 | ||
| 003 | BGR | ||
| 005 | 20260324180118.0 | ||
| 008 | 160829s1878 xx 000 0 cat d | ||
| 080 | |a A-2-209 | ||
| 111 | |a Exposició Universal de París |9 70744 |c (París : |d 1878) | ||
| 245 | |a Catálogo de los expositores de la provincia de Logroño | ||
| 260 | |a Logroño : |b Tipografia de A. Ortoneda, |c 1878 | ||
| 300 | |a 74 p. ; |c 21 cm | ||
| 590 | |a Prové de 1403, exp. 4 | ||
| 650 | |a Exposicions |x París |x 1878 |9 46732 | ||
| 901 | |a Arxiu | ||
| 942 | |n 1 |2 udc |c MON | ||
| 952 | |0 0 |1 0 |4 0 |6 A2209 |7 1 |9 53416 |a Arxiu |b Arxiu |d 2016-12-01 |l 0 |o A-2-209 |p 16096 |r 2016-12-01 00:00:00 |w 2016-12-01 |y ARXIU | ||
| 999 | |c 57282 |d 57282 | ||